000 00463nam a2200193Ia 4500
008 101110s9999 xx 000 0 und d
041 _aENGLISH
082 _bSR2318
_a332.1
100 _aHawtrey R.G.
245 _aThe Art of Central Banking
365 _b50.4
520 _aCommerce
546 _aENGLISH
630 _aThe Art of Central Banking
650 _aCommerce
655 _aCommerce
730 _aThe Art of Central Banking
942 _cBOOK
999 _c799112
_d799109